Science Quiz

Random Science or Anatomy Quiz

Muscles D1MA Quiz Stats

 Plays Quiz not verified by Sporcle

Score 0/23 Timer 10:00
0 Plays Today
% Correct
Orbicularis oculi
79.7%
Diaphragm
76.6%
Quadriceps group
70.3%
Sternocleidomastoid
68.8%
Hamstring group
68.8%
Gluteus Maximus
67.2%
Frontalis
62.5%
Orbicularis oris
62.5%
Zygomaticus
59.4%
Triceps brachii
59.4%
Brachioradialis
56.3%
Obliques
53.1%
% Correct
Masseter and temporalis
51.6%
Rectus Abdominus
51.6%
Trapezius
51.6%
Biceps Brachii
48.4%
Pectoralis major
46.9%
Deltoid
45.3%
Splenis Capitis
37.5%
Brachialis
37.5%
Platysma
34.4%
Latissimus dorsi
26.6%
Intercostals
26.6%

You're not logged in!

Compare scores with friends on all Sporcle quizzes.
OR
Log In

Sporcle TV

Today on Sporcle TV


Watch our educational content, quiz creation guides, and fun videos on Sporcle TV.

Show Comments

Extras

Created Aug 12, 2016ReportNominate
Tags:Anatomy Quiz, medicine, muscle

Top Quizzes Today


Score Distribution

Your Account Isn't Verified!

In order to create a playlist on Sporcle, you need to verify the email address you used during registration. Go to your Sporcle Settings to finish the process.

Report this User

Report this user for behavior that violates our Community Guidelines.

Details: